| 000 | 00614nam a2200193 a 4500 | ||
|---|---|---|---|
| 005 | 20240910064417.0 | ||
| 008 | 991125s1986 mx 000 0 spa u | ||
| 020 | _a9688373346 | ||
| 035 | _aUPN01000022975 | ||
| 049 | _aCG | ||
| 050 | 4 |
_aN6550 _bC6.3 1982 |
|
| 111 | 2 |
_aColoquio de Historia del Arte _n(8o _d1982 _cMéxico) |
|
| 245 | 1 | 4 |
_aLos estudios sobre el arte mexicano : _bexámen y prospectiva |
| 260 |
_aMéxico : _bUNAM, Instituto de Investigaciones Estéticas, _c1986. |
||
| 300 | _a320 p. | ||
| 440 | 0 |
_aEstudios de arte y estética ; _v20 |
|
| 650 | 4 |
_aArte mexicano _xHistoria _92584 |
|
| 905 | _aLibro | ||
| 999 |
_c22975 _d22975 |
||